00684nam a2200229 a 4500001001300000003000900013005001700022008004100039020002300080082001500103100001800118245004400136260002500180300000900205500003500214650002700249700001800276902000800294942000700302952012800309999001700437nice12345678IN_TiNIC20260116014226.0090403s2005 dela grp 000 0 eng  a8186706992 c59500a305.4bKHU aKhullar, Mala aWriting the Women`s Movementb A Reader aDelhibZubaan c2005 a558p aincludes index and biblioraphy aWomen and Human Rights1 aKhullar, Mala bSRS cBK 001040708StackRoom-aHMIbHMId2009-04-03g595.00l4o305.4 KHUp022746r2022-09-15s2022-09-08v595.00w2009-04-03yBK c14408d14408